Vyššie územné celky v Slovenskej republike

Význam konštituovania vyšších územných celkov - samosprávnych krajov v SR, a to v kontexte reformy verejnej správy. Systém verejnej vlády vnútri štátu. Vytvorenie vyšších územných celkov v Slovenskej republike. Chronológia reformy verejnej správy v SR. Zákon č. 302/2001 Z.z., ktorý v podmienkach Sl...

Descrizione completa

Salvato in:
Dettagli Bibliografici
Autore principale: Neubauerová, Erika, 1968-
Natura: Capitolo di libro
Lingua:slovacco
Soggetti:
Tags: Aggiungi Tag
Nessun Tag, puoi essere il primo ad aggiungerne!!

MARC

LEADER 00000naa$a2200000$$$4500
001 0006102
005 20221128120944.4
041 0 |a slo 
044 |a SK 
245 1 0 |a Vyššie územné celky v Slovenskej republike  |c aut. Erika Neubauerová 
520 |a Význam konštituovania vyšších územných celkov - samosprávnych krajov v SR, a to v kontexte reformy verejnej správy. Systém verejnej vlády vnútri štátu. Vytvorenie vyšších územných celkov v Slovenskej republike. Chronológia reformy verejnej správy v SR. Zákon č. 302/2001 Z.z., ktorý v podmienkach Slovenskej republiky konštituoval vyššie územné celky - samosprávne kraje. Rozdelenie decentralizácie financií do dvoch etáp. 
610 2 0 |a správa verejná 
610 2 0 |a reformy 
610 2 0 |a samospráva regionálna 
610 2 0 |a vyššie územné celky 
610 2 0 |a Slovensko 
610 2 0 |a zákony 
100 1 |a Neubauerová, Erika, 1968-